000 00251nam a22001097a 4500
082 _a671.823 BET'S
100 _aBETTERYLEY, MALVIN L
_958208
245 _aSHEET METAL DRAFTING
260 _aNEWYORK
_bMCGRAW HILL
_c1961
300 _a314P
942 _cBK
999 _c568409
_d568409